000 00454nam a2200181 a 4500
001 1777798722555
003 YourLibrary
005 20260503143033.0
008 260503s2009##################000#0#eng##
020 _a9788184781410
082 0 4 _a343.54052
_bMIT
100 1 _aMittal, D.P,
_eauthor.
245 1 0 _aTreatise On Direct Taxes Code :
260 _c2009.
300 _a102 pages
942 _cENGLISH
040 _aYourLibrary
_beng
_cYourLibrary
999 _c622334
_d622334